| 000 | 00450cam a2200169ua 4500 | ||
|---|---|---|---|
| 999 |
_c15641 _d15641 |
||
| 003 | OSt | ||
| 008 | 190522b ||||| |||| 00| 0 eng d | ||
| 020 | _a9788125911425 | ||
| 082 |
_a660.284 _bSAH/UN |
||
| 100 |
_aSahay, K M . _94126 |
||
| 245 | _aUnit Operations of Agricultural Processing | ||
| 250 | _a2nd Re.ed. | ||
| 260 |
_a : _bVikas Publishing House Pvt Ltd , _c2001. |
||
| 300 | _a374 p. | ||
| 700 | 1 |
_aSingh, K. K . _94127 |
|
| 942 | _cBK | ||